000 02163cam a2200277zu 4500
001 41001276
003 FRCYB41001276
005 20251020123049.0
006 m o d
007 cr un
008 251020s2005 fr | o|||||0|0|||fre d
020 _a9782876734265
035 _aFRCYB41001276
040 _aFR-PaCSA
_bfr
_c
_erda
100 1 _aYardeni, Myriam
245 0 1 _aEnquêtes sur l'identité de la nation France
_c['Yardeni, Myriam']
264 1 _bEditions Champ Vallon
_c2005
300 _a p.
336 _btxt
_2rdacontent
337 _bc
_2rdamdedia
338 _bc
_2rdacarrier
650 0 _a
700 0 _aYardeni, Myriam
856 4 0 _2Cyberlibris
_uhttps://international.scholarvox.com/netsen/book/41001276
_qtext/html
_a
520 _aTémoignage de l’œuvre d’une vie, ce volume réunit vingt-sept articles écrits en quarante ans par la grande historienne. Avec pour fil d’ariane l’élucidation de ce qui fonde l’identité de la «nation France» : le sentiment national et la conscience historique.Myriam Yardeni démontre que les croyances et les représentations sont des forces agissantes, aussi puissantes que l’économie ou les rapports sociaux. Elle soutient que l’individu assume son identité par son appartenance à un groupe ou à une communauté : village, ville, patrie, royaume, religion, Église, langue, culture...Individus, groupes et communautés entretiennent souvent des relations conflictuelles : dans chaque crise, notamment au temps des guerres de religion (1562-1598), l’individu doit forger sa propre hiérarchie de valeurs, de fidélités, de loyautés et d’appartenance.Cette identité au travail se construit par la médiation d’une mémoire souvent mythifiée qui joue un rôle moteur dans la prise de conscience historique. Les études ici réunies ont précisément pour point commun d’élucider la fonction assumée par la connaissance historique dans la formation et la cristallisation des identités et des consciences, qu’il s’agisse de conscience de la nation, de la conscience de la religion, de conscience sociale, de la conscience de soi...
999 _c1552909
_d1552909